000 00737nam a2200217Ia 4500
003 GCL
008 140319s9999 xx 000 0 ara d
020 _a9511401977
040 _aGCL /
_cGCL
082 0 4 _a791.437
_bم ت
100 1 _aمدكور ثابت
245 1 0 _aتلج فوق صدور ساخنة /
_cمدكور ثابت
700 1 _aابراهيم فتحى
260 _aالقاهرة :
_bالهيئة المصرية العامة للكتاب ،
_c1997
300 _a405 ص ؛
_c24 سم
490 _aمن ادب السرد السينمائى
_v0
650 0 4 _aالافلام السينمائية
650 0 4 _aالسينما
650 0 4 _aالافلام السينمائية - تاريخ ونقد
942 _2ddc
_cBK
999 _c50019
_d50019